| 000 | 00852nam a22002057a 4500 | ||
|---|---|---|---|
| 999 |
_c7737 _d7737 |
||
| 003 | AR-CdUCM | ||
| 008 | 190321b ||||| |||| 00| 0 spa d | ||
| 040 |
_aMUNICIPALIDAD PROVINCIAL DEL CUSCO _cBIBLIOTECA MUNICIPAL DEL CUSCO |
||
| 082 |
_a621.462 / _bM34 |
||
| 100 |
_aIntyre, R.L. _921862 |
||
| 245 | _aControl de Motores Electricos / | ||
| 260 |
_aEspaña : _bMarcombo Boixareu editores, _c1975. |
||
| 300 |
_a382 páginas ; _c21 cm. |
||
| 505 | _aContenido : Fundamentos de los sistemas de control -- Control de la puesta en marcha de motores -- Componentes de control -- Dispositivos de mando -- Esquemas de los circuitos de control -- Analisis de los circuitos de control... | ||
| 650 |
_aCircuitos de Control _921863 |
||
| 650 |
_aElectronica Aplicada _921864 |
||
| 650 |
_aCircuitos Electricos _921865 |
||
| 942 |
_2ddc _cLIBROS |
||
| 945 | _artm | ||